اثر القراءات القرآنية فى تطور الدرس النحوى / (Record no. 90848)
[ view plain ]
| 000 -LEADER | |
|---|---|
| fixed length control field | 01002cam a2200265 a 4500 |
| 003 - CONTROL NUMBER IDENTIFIER | |
| control field | EG-GiCUC |
| 008 - FIXED-LENGTH DATA ELEMENTS--GENERAL INFORMATION | |
| fixed length control field | 070103s198u le g 000 0 ara d |
| 040 ## - CATALOGING SOURCE | |
| Original cataloging agency | EG-GiCUC |
| Language of cataloging | ara |
| Transcribing agency | EG-GiCUC |
| 050 #4 - LIBRARY OF CONGRESS CALL NUMBER | |
| Classification number | PJ6696 |
| Item number | D57 |
| 092 04 - LOCALLY ASSIGNED DEWEY CALL NUMBER (OCLC) | |
| Classification number | 229.44151 |
| Item number | D5826 |
| Edition number | 21 |
| 099 ## - LOCAL FREE-TEXT CALL NUMBER (OCLC) | |
| Classification number | 04 |
| -- | 229.44151 D5826 |
| 100 1# - MAIN ENTRY--PERSONAL NAME | |
| Personal name | دمشقية : عفيف |
| 245 10 - TITLE STATEMENT | |
| Title | اثر القراءات القرآنية فى تطور الدرس النحوى / |
| Statement of responsibility, etc. | عفيف دمشقية |
| 260 ## - PUBLICATION, DISTRIBUTION, ETC. | |
| Place of publication, distribution, etc. | لبنان : |
| Name of publisher, distributor, etc. | معهد الانماء العربى : |
| Date of publication, distribution, etc. | [198-] |
| 300 ## - PHYSICAL DESCRIPTION | |
| Extent | 203ص ؛ |
| Dimensions | 22سم |
| 490 0# - SERIES STATEMENT | |
| Series statement | الدراسات الانسانية ؛ |
| Volume/sequential designation | 3 |
| 504 ## - BIBLIOGRAPHY, ETC. NOTE | |
| Bibliography, etc. note | يشتمل على ارجاعات ببليوجرافية (ص199-201) |
| 630 20 - SUBJECT ADDED ENTRY--UNIFORM TITLE | |
| Uniform title | القرآن |
| General subdivision | الفاظ (من الناحية اللغوية) |
| 630 20 - SUBJECT ADDED ENTRY--UNIFORM TITLE | |
| Uniform title | القرآن |
| General subdivision | القراءات |
| 650 #7 - SUBJECT ADDED ENTRY--TOPICAL TERM | |
| Topical term or geographic name entry element | القران و اللغة العربية |
| General subdivision | النحو |
| Source of heading or term | qrmak |
| 902 ## - LOCAL DATA ELEMENT B, LDB (RLIN) | |
| No. of Items | 1 |
| 905 ## - LOCAL DATA ELEMENT E, LDE (RLIN) | |
| Cataloger | رضوى |
| Reviser | مدخل |
| 905 ## - LOCAL DATA ELEMENT E, LDE (RLIN) | |
| Cataloger | عمر |
| Reviser | مراجع |
| 942 ## - ADDED ENTRY ELEMENTS (KOHA) | |
| Source of classification or shelving scheme | Dewey Decimal Classification |
| Koha item type | Books |
| Source of classification or shelving scheme | Not for loan | Home library | Current library | Date acquired | Full call number | Barcode | Date last seen | Copy number | Koha item type |
|---|---|---|---|---|---|---|---|---|---|
| Dewey Decimal Classification | Not for loan | مكتبة جامعة القاهرة الاهلية | قاعة العلوم الاجتماعية | 25.12.2025 | 229.44151 D5826 | 02010091601000 | 25.12.2025 | Books | |
| Dewey Decimal Classification | المكتبة المركزبة الجديدة - جامعة القاهرة | قاعة الكتب - الدور الثاني | 11.02.2024 | 229.44151 D5826 | 01000100105279000 | 22.09.2023 | C.1 | Books |